[Event "Wch Seniors 20th"]
[Site "Arco"]
[Date "2010.10.30"]
[Round "5"]
[White "Prahov, G."]
[Black "Degtiarev, Viktor"]
[Result "1/2-1/2"]
[WhiteElo "2267"]
[BlackElo "1867"]
[PlyCount "87"]
[EventDate "2010.10.26"]
[EventType "swiss"]
[EventRounds "11"]
[EventCountry "ITA"]
[SourceTitle "EXT 2011"]
[Source "ChessBase"]
[SourceDate "2010.11.26"]
[SourceVersion "1"]
[SourceVersionDate "2010.11.26"]
[SourceQuality "1"]

1. c4 e5 2. b3 Nf6 3. g3 c5 4. Bg2 Nc6 5. Bb2 d6 6. Nf3 Be7 7. 0-0 0-0 8. d3 h6 9. Nc3 Rb8 10. a3 Bf5 11. Qd2 a6 12. Nh4 Bd7 13. Nf3 Na5 14. Qd1 Qb6 15. Nd2 Qc7 16. b4 cxb4 17. axb4 Nc6 18. b5 axb5 19. Nxb5 Qc8 20. Ba3 Ne8 21. Ne4 Be6 22. Nexd6 Qd7 23. Nxe8 Rfxe8 24. Bxe7 Rxe7 25. Qa4 Bh3 26. Nc3 Bxg2 27. Kxg2 Qd4 28. Rac1 Ree8 29. Qb5 Qg4 30. h3 Qe6 31. Qd5 Qxd5+ 32. Nxd5 e4 33. Rb1 Kf8 34. Rb6 exd3 35. exd3 Red8 36. Rfb1 Ne5 37. R1b3 Rd7 38. h4 Ng6 39. h5 Ne7 40. Nxe7 Kxe7 41. f4 Kd8 42. Kf3 Kc7 43. g4 Rxd3+ 44. Ke4 1/2-1/2

[Event "Ekaterinburg 06"]
[Site "Ekaterinburg"]
[Date "2009.06.??"]
[Round "9"]
[White "Fer, Vadim"]
[Black "Prahov, G."]
[Result "1/2-1/2"]
[WhiteElo "2190"]
[BlackElo "2222"]
[PlyCount "35"]
[EventDate "2009.06.06"]
[EventType "tourn"]
[EventRounds "11"]
[EventCountry "RUS"]
[EventCategory "1"]
[SourceTitle "EXT 2022"]
[Source "ChessBase"]
[SourceDate "2021.10.06"]
[SourceVersion "1"]
[SourceVersionDate "2021.10.06"]
[SourceQuality "1"]

1. c4 e6 2. Nc3 c5 3. Nf3 Nf6 4. g3 d5 5. cxd5 exd5 6. d4 Nc6 7. Bg2 Be7 8. 0-0 0-0 9. b3 Ne4 10. Bb2 Bf6 11. e3 Bg4 12. h3 Bxf3 13. Bxf3 cxd4 14. Nxe4 dxe4 15. Bxe4 dxe3 16. Qxd8 exf2+ 17. Rxf2 Bxd8 18. Kg2 1/2-1/2

[Event "Talinka Cup"]
[Site "Talinka"]
[Date "2007.02.06"]
[Round "4"]
[White "Karpov, Alexander"]
[Black "Prahov, G."]
[Result "1-0"]
[WhiteElo "2312"]
[BlackElo "2296"]
[PlyCount "65"]
[EventDate "2007.02.03"]
[EventType "tourn"]
[EventRounds "9"]
[EventCountry "RUS"]
[EventCategory "2"]
[SourceTitle "EXT 2008"]
[Source "ChessBase"]
[SourceDate "2007.11.25"]
[SourceVersion "1"]
[SourceVersionDate "2007.11.25"]
[SourceQuality "1"]

1. e4 c5 2. c3 d5 3. exd5 Qxd5 4. d4 cxd4 5. cxd4 Nc6 6. Nf3 Nf6 7. Nc3 Qd8 8. Be2 e6 9. 0-0 Be7 10. Bf4 a6 11. Qd2 0-0 12. Rfd1 Nb4 13. Ne5 Nbd5 14. Bg3 Bd7 15. Rac1 Rc8 16. Bf3 Bc6 17. Nxc6 bxc6 18. Nxd5 cxd5 19. Rxc8 Qxc8 20. Rc1 Qa8 21. Rc7 Re8 22. Qc2 Bf8 23. Be5 Ne4 24. h3 a5 25. b3 Be7 26. Bxe4 dxe4 27. Rc6 f6 28. Bc7 Bb4 29. Qxe4 h6 30. Bf4 Kf8 31. f3 a4 32. d5 Ba3 33. dxe6 1-0